|
|
|
|
| LEADER |
00793nab a2200229 i 4500 |
| 001 |
publ39450 |
| 005 |
20260313120059.0 |
| 008 |
260313s2015 hu o 000 rus d |
| 022 |
|
|
|a 1561-4980
|
| 024 |
7 |
|
|a 10.15407/ugz2015.02.041
|2 doi
|
| 024 |
7 |
|
|a 2943141
|2 mtmt
|
| 040 |
|
|
|a SZTE Publicatio Repozitórium
|b hun
|
| 041 |
|
|
|a rus
|
| 100 |
1 |
|
|a Egedy Tamás
|
| 245 |
1 |
0 |
|a Metropolitenskij put' razvitiâ Budapešta [The metropolitan development path of Budapest]
|h [elektronikus dokumentum] /
|c Egedy Tamás
|
| 260 |
|
|
|c 2015
|
| 300 |
|
|
|a 9
|
| 300 |
|
|
|a 41-49
|
| 490 |
0 |
|
|a UKRAINIAN GEOGRAPHICAL JOURNAL
|v 2015 No. 2
|
| 650 |
|
4 |
|a Társadalom- és gazdaságföldrajz
|
| 700 |
0 |
1 |
|a Kovács Zoltán
|e aut
|
| 856 |
4 |
0 |
|u http://publicatio.bibl.u-szeged.hu/39450/1/UGJ_2015_2_41-49.pdf
|z Dokumentum-elérés
|